[Event "IECC Y2KO email"]
[Site "IECC email"]
[Date "1999.10.14"]
[Round "?"]
[White "Kamarul, Muhammad"]
[Black "Sparkes, William"]
[Result "0-1"]
[WhiteElo "1751"]
[BlackElo "1099"]
[PlyCount "48"]
[EventDate "1999.??.??"]
[EventType "tourn (corr)"]
[EventRounds "2"]
[SourceTitle "Corr 2008"]
[Source "ChessBase"]
[SourceDate "2008.06.24"]
[SourceVersion "1"]
[SourceVersionDate "2008.06.24"]
[SourceQuality "1"]

1. d4 d5 2. Nf3 Nf6 3. e3 Nc6 4. c4 Bf5 5. Bd3 Bxd3 6. Qxd3 e6 7. a3 dxc4 8. Qxc4 Nd5 9. Nc3 Nxc3 10. Qxc3 Qd5 11. Bd2 Bd6 12. 0-0 0-0 13. Rfe1 f5 14. Qc2 Rf6 15. Rac1 Re8 16. Qc4 Rg6 17. e4 fxe4 18. Nh4 Rf6 19. g3 Nxd4 20. Be3 Be5 21. Red1 Rd8 22. Qf1 Rf7 23. Rd2 Bf6 24. Rcd1 c5 0-1